| 000 | 00453nam a2200157 4500 | ||
|---|---|---|---|
| 001 | 109843 | ||
| 003 | ES-MaACL | ||
| 005 | 20230906184926.0 | ||
| 007 | t| | ||
| 008 | 061121s1956 sp r ||||1| spa d | ||
| 100 | 1 |
_aOnieva, Antonio J. _987081 |
|
| 245 | 1 | 3 |
_aLa pintura española en el Museo del Prado / _cpor Antonio J. Onieva. |
| 260 |
_aMadrid : _bMayfe, _c1956. |
||
| 300 |
_a161 p. lám. 1-72 ; _c20 cm. |
||
| 852 |
_aES-MaACL _jC-12431 _bR.40907 |
||
| 999 |
_c109843 _d109843 |
||